LEADER 01221nas 22004333 450 001 996209527603316 005 20220603213024.0 011 $a2470-2080 035 $a(OCoLC)785875558 035 $a(CKB)3370000000000230 035 $a(CONSER)--2016200302 035 $a(EXLCZ)993370000000000230 100 $a20110705a20119999 --- a 101 0 $aeng 135 $aur|n||||||||| 181 $ctxt$2rdacontent 182 $cc$2rdamedia 183 $acr$2rdacarrier 200 00$aAmerican banker magazine 210 1$aNew York, N.Y. :$cSourceMedia,$d2011- 215 $a1 online resource 311 $a2162-3198 517 1 $aAmerican banker 517 1 $aABM 606 $aFinance$zUnited States$vPeriodicals 606 $aBanks and banking$zUnited States$vPeriodicals 606 $aBanks and banking$2fast$3(OCoLC)fst00826867 606 $aFinance$2fast$3(OCoLC)fst00924349 607 $aUnited States$2fast 608 $aPeriodicals.$2fast 615 0$aFinance 615 0$aBanks and banking 615 7$aBanks and banking. 615 7$aFinance. 676 $a332 906 $aJOURNAL 912 $a996209527603316 996 $aAmerican banker magazine$92388377 997 $aUNISA LEADER 01282nam 2200421 450 001 9910792821603321 005 20231110233705.0 010 $a2-8062-9459-2 035 $a(CKB)3710000001308068 035 $a(MiAaPQ)EBC6560085 035 $a(Au-PeEL)EBL6560085 035 $a(OCoLC)1247655596 035 $a(PPN)259176982 035 $a(EXLCZ)993710000001308068 100 $a20220528d2017 uy 0 101 0 $afre 135 $aurcnu|||||||| 181 $ctxt$2rdacontent 182 $cc$2rdamedia 183 $acr$2rdacarrier 200 10$aJeannot et Colin de Voltaire (analyse de l'oeuvre) $eanalyse comple?te et re?sume? de?taille? de l'oeuvre /$fDominique Coutant-Defer, and Margot Pe?pin 210 1$aNamur, Belgium :$cLemaitre Publishing,$d[2017] 210 4$dİ2017 215 $a1 online resource (32 pages) 225 1 $aFiche de Lecture 410 0$aFiche de Lecture 606 $aHappiness 615 0$aHappiness. 676 $a761.2095184 700 $aCoutant-Defer$b Dominique$01112765 702 $aPe?pin$b Margot 801 0$bMiAaPQ 801 1$bMiAaPQ 801 2$bMiAaPQ 906 $aBOOK 912 $a9910792821603321 996 $aJeannot et Colin de Voltaire (analyse de l'oeuvre)$93828889 997 $aUNINA